Analýza a prognóza vývoja ukazovateľov nezamestnanosti

Štatistické metódy analýzy a prognózy vývoja ukazovateľov nezamestnanosti v okresoch SR. Sezónne výkyvy nezamestnanosti. Sledovanie časových radov. Sledovanie základných ukazovateľov nezamestnanosti - sezónne indexy a adaptívna metóda exponenciálneho vyrovnávania. Merania Winterovou metódou.

Gespeichert in:
Bibliographische Detailangaben
1. Verfasser: Pacáková, Viera
Weitere Verfasser: Rublíková, Eva
Format: Buchkapitel
Sprache:Slowakisch
Schlagworte:
Tags: Tag hinzufügen
Keine Tags, Fügen Sie das erste Tag hinzu!

MARC

LEADER 00000naa a2200000 4500
001 r026753
005 20230906072844.8
041 0 |a slo 
044 |a SK 
245 1 0 |a Analýza a prognóza vývoja ukazovateľov nezamestnanosti  |c Viera Pacáková, Eva Rublíková 
520 |a Štatistické metódy analýzy a prognózy vývoja ukazovateľov nezamestnanosti v okresoch SR. Sezónne výkyvy nezamestnanosti. Sledovanie časových radov. Sledovanie základných ukazovateľov nezamestnanosti - sezónne indexy a adaptívna metóda exponenciálneho vyrovnávania. Merania Winterovou metódou. 
610 2 0 |a nezamestnanosť 
610 2 0 |a Slovensko 
610 2 0 |a štatistika 
610 2 0 |a analýza štatistická 
610 2 0 |a sezónnosť 
610 2 0 |a rady časové 
610 2 0 |a indexy 
610 2 0 |a metódy štatistické 
100 1 |a Pacáková, Viera 
700 1 |a Rublíková, Eva